Tài liệu chuẩn kiến thức Vật lý 12
v.v...
Đã lưu trong:
| Tác giả chính: | |
|---|---|
| Định dạng: | Sách |
| Năm xuất bản: |
H.
Giáo dục
1998
|
| Chủ đề: | |
| Tags: |
Thêm thẻ
Không có thẻ, Hãy là người đầu tiên gắn thẻ bản ghi này!
|
| LEADER | 00557nam a2200145 4500 | ||
|---|---|---|---|
| 082 | |a 530 |b T103l | ||
| 100 | |a Bộ giáo dục và đào tạo | ||
| 245 | |a Tài liệu chuẩn kiến thức Vật lý 12 |c Bộ giáo dục và đào tạo | ||
| 260 | |a H. |b Giáo dục |c 1998 | ||
| 300 | |a 116 tr |c 21 cm | ||
| 520 | |a v.v... | ||
| 653 | |a Vật lý lớp 12 | ||
| 942 | |2 ddc |c SH | ||
| 999 | |c 7561 |d 7561 | ||
| 952 | |0 0 |1 0 |2 ddc |4 0 |6 530_000000000000000_T103L |7 0 |8 500 |9 68111 |a qbu |b qbu |c D3 |d 2015-02-20 |g 4300 |o 530 T103l |p 7012.c1 |r 0000-00-00 |w 2015-02-20 |y SH |0 0 |6 530_000000000000000_T103L | ||